<?xml version="1.0" encoding="UTF-8"?>
<collection xmlns:xsi="http://www.w3.org/2001/XMLSchema-instance" xsi:schemaLocation="http://www.loc.gov/MARC21/slim http://www.loc.gov/standards/marcxml/schema/MARC21slim.xsd" xmlns="http://www.loc.gov/MARC21/slim">
 <record>
  <leader>00000cam a22000003i 4500</leader>
  <controlfield tag="001">UP-1685594773861651551</controlfield>
  <controlfield tag="003">Buklod</controlfield>
  <controlfield tag="005">20090114140540.0</controlfield>
  <controlfield tag="006">j|||||||||||||| | </controlfield>
  <controlfield tag="007">ta</controlfield>
  <controlfield tag="008">210428s1993    ilua    rb   |001 0|eng d</controlfield>
  <datafield tag="020" ind1=" " ind2=" ">
   <subfield code="a">0880118253</subfield>
  </datafield>
  <datafield tag="035" ind1=" " ind2=" ">
   <subfield code="a">(iLib)UPBAG-00004569541</subfield>
  </datafield>
  <datafield tag="037" ind1=" " ind2=" ">
   <subfield code="a">BC-3613</subfield>
   <subfield code="c">Php609.45</subfield>
  </datafield>
  <datafield tag="040" ind1=" " ind2=" ">
   <subfield code="a">OLC</subfield>
   <subfield code="d">BAG</subfield>
   <subfield code="e">rda</subfield>
  </datafield>
  <datafield tag="041" ind1="0" ind2=" ">
   <subfield code="a">eng</subfield>
  </datafield>
  <datafield tag="090" ind1=" " ind2="0">
   <subfield code="a">RC 388.5</subfield>
   <subfield code="b">G67</subfield>
  </datafield>
  <datafield tag="100" ind1="1" ind2=" ">
   <subfield code="a">Gordon, Neil F.</subfield>
   <subfield code="e">author.</subfield>
  </datafield>
  <datafield tag="245" ind1="1" ind2="0">
   <subfield code="a">Stroke</subfield>
   <subfield code="b">your complete exercise guide</subfield>
   <subfield code="c">Neil F. Gordon ; [foreword by Kenneth H. Cooper].</subfield>
  </datafield>
  <datafield tag="264" ind1=" " ind2="1">
   <subfield code="a">Champaign, Ill.</subfield>
   <subfield code="b">Human Kinetics</subfield>
   <subfield code="c">[1993]</subfield>
  </datafield>
  <datafield tag="300" ind1=" " ind2=" ">
   <subfield code="a">xiii, 126 pages</subfield>
   <subfield code="b">illustrations (some color)</subfield>
   <subfield code="c">23 cm</subfield>
  </datafield>
  <datafield tag="336" ind1=" " ind2=" ">
   <subfield code="a">text</subfield>
   <subfield code="2">rdacontent</subfield>
  </datafield>
  <datafield tag="337" ind1=" " ind2=" ">
   <subfield code="a">unmediated</subfield>
   <subfield code="2">rdamedia</subfield>
  </datafield>
  <datafield tag="338" ind1=" " ind2=" ">
   <subfield code="a">volume</subfield>
   <subfield code="2">rdacarrier</subfield>
  </datafield>
  <datafield tag="490" ind1="0" ind2=" ">
   <subfield code="a">The Cooper Clinic and Research Institute fitness series</subfield>
  </datafield>
  <datafield tag="504" ind1=" " ind2=" ">
   <subfield code="a">Includes bibliographical references (pages 113-118) and index.</subfield>
  </datafield>
  <datafield tag="505" ind1="0" ind2=" ">
   <subfield code="a">The Cooper Clinic and Research Institute Fitness Series -- Ch. 1. Moving Beyond the Disability of a Stroke. Case History of Roger Knight. Ko Green: Comeback-of-the-Year Award Winner. What Is a Stroke? Neurological Impairment and the Three Phases of Stroke Recovery -- Ch. 2. The Benefits and Risks of Exercise for Stroke Recovery and Prevention. Reduces Degree of Disability. Increases Physical Fitness. Reduces the Chances of a Second Stroke. Reduces the Risk of Dying From Cardiovascular Disease. Makes Life More Worth Living. Risks of Exercise -- Ch. 3. Getting Started on a Regular Exercise Program. The Components of an Exercise Workout. Putting On Those Walking Shoes and Venturing Forth. That All-Important Training Log -- Ch. 4. The Health Points System: Insuring Maximum Health Benefits With Minimum Risk. How the Health Points System Works. How to Use the Health Points Charts. Other Aerobic Choices: The Pros and Cons. The Four-Letter Word You Must Not Utter -- Ch. 5. Staying Within the Safe-Exercise Zone: Essential Exercise Guidelines for Stroke Survivors. Nine Safe-Exercise Guidelines. Some Concluding Thoughts -- Appendix A How to Take Your Pulse and Calculate Your Heart Rate -- Appendix B Tests and Procedures Included in a Thorough Pre-Exercise Medical Exam for Stroke Survivors</subfield>
  </datafield>
  <datafield tag="650" ind1=" " ind2="0">
   <subfield code="a">Cerebrovascular disease</subfield>
   <subfield code="x">Exercise therapy.</subfield>
  </datafield>
  <datafield tag="700" ind1="1" ind2=" ">
   <subfield code="a">Cooper, Kenneth H.</subfield>
   <subfield code="e">author of introduction, etc.</subfield>
  </datafield>
  <datafield tag="905" ind1=" " ind2=" ">
   <subfield code="a">FO</subfield>
  </datafield>
  <datafield tag="852" ind1="0" ind2=" ">
   <subfield code="a">UPBAG</subfield>
   <subfield code="b">UPBAG-MAIN</subfield>
   <subfield code="h">RC 388.5 G67</subfield>
  </datafield>
  <datafield tag="942" ind1=" " ind2=" ">
   <subfield code="a">Book</subfield>
  </datafield>
 </record>
</collection>
